01465nam a2200349Ia 4500001001200000003000800012006001900020007001500039008004100054010001700095020001500112020001500127040002100142035002100163050002400184245012500208260004400333300002400377490004900401504005100450533015200501650005500653650005500708650005000763650003900813655002900852700002400881710001700905830005000922856012600972999001701098ebr10095224CaPaEBRm u cr cn|||||||||970903s1997 enka sb 001 0 eng d z 97213718  z0415154642 z0203974875 aCaPaEBRcCaPaEBR a(OCoLC)22637664014aHD1702b.D36 1997eb00aDams as aidh[electronic resource] :ba political anatomy of Nordic development thinking /cedited by Ann Danaiya Usher. aLondon ;aNew York :bRoutledge,c1997. axiv, 181 p. :bill.1 aRoutledge studies in development and society aIncludes bibliographical references and index. aElectronic reproduction.bPalo Alto, Calif. :cebrary,d2009.nAvailable via World Wide Web.nAccess may be limited to ebrary affiliated libraries. 0aWater resources developmentzDeveloping countries. 0aDamsxEnvironmental aspectszDeveloping countries. 0aDamsxEconomic aspectszDeveloping countries. 0aEconomic assistance, Scandinavian. 7aElectronic books.2local1 aUsher, Ann Danaiya.2 aebrary, Inc. 0aRoutledge studies in development and society.40uhttp://site.ebrary.com/lib/rucke/Doc?id=10095224zAn electronic book accessible through the World Wide Web; click to view c99024d99024